Allgemein Fakten - Europa - Statistiken

Allgemein
  • Dieses Quiz wurde 388 mal gespielt
  • Das Durchschnittsergebnis liegt bei 8 aus 15
Antwortstatistiken
Frage Antwort % Korrekt
Für was steht die Abkürzung EU? Europäische Union
100%
Was ist das größte Gebirge in Europa? Alpen
92%
Wie viele Sterne sind auf der EU-Flage? 12
83%
Welche Länder ausserhalb von Europa sind Teil der NATO? Kanada, USA
75%
Welche Reie von Ländern aus Europa sind kein Teil er EU? England, Norwegen, Schweiz, Ukraine, Serbien, Liechtenstein
67%
Wann ist Österreich der EU beigetreten? 1995
58%
Wann wurde der Euro eingeführt? 2002
58%
In welchen Land befindet sich die Europäische Zentralbank? Deutschland
58%
Welches Land ist am spätesten der EU beigetreten? Kroatien
58%
Wie viele Länder benutzen den Euro als Währung? 19
42%
Wann wurde die NATO gegründet? 1949
42%
Welche Staaten gehören zu den "Gründungstaaten"? Belgien, Deutschland, Frankreich, Italien, Luxemburg, Niederlande
42%
Wie viele Staaten sind ein Teil der EU? 28
25%
Für was steht die Abkürzung NATO? North Atlantic Treaty Organization
25%
In welchem Jahr wurde die EU gegründet? 1993
8%
Keine übereinstimmenden Quizze gefunden
Verteilung der Resultate
Anzahl Personen mit jedem Resultat
Perzentil nach korrekt beantworteten Fragen
Ihre Resultats-Entwicklung
Sie haben dieses Quiz noch nicht gespielt